000 00335nam a2200109Ia 4500
008 171211s9999 xx 000 0 und d
245 _aSaftfasten fürs Wochenende: Schonend entgiften in zwei Tagen
245 _cAnita Heßmann-Kosaris
260 _c2010
650 _xFITNESS
856 _uhttp://down.ebook777.com/062/9783830436904.pdf
999 _c349078
_d349078